Normal view
MARC view
Entry Personal Name
001 - CONTROL NUMBER
- control field: 18193
003 - CONTROL NUMBER IDENTIFIER
- control field: OSt
005 - DATE AND TIME OF LATEST TRANSACTION
- control field: 20240627103602.0
008 - FIXED-LENGTH DATA ELEMENTS
- fixed length control field: 240627|| aca||aabn | a|a d
040 ## - CATALOGING SOURCE
- Original cataloging agency: OSt
- Transcribing agency: OSt
100 ## - HEADING--PERSONAL NAME
- Personal name: Fackler, Paul L
670 ## - SOURCE DATA FOUND
- Source citation: Work cat.: (OSt)8971: Miranda, Mario J. 18192, Applied computational economics and finance /, 2002
